Guess The First Name of these famous people - Statistics

General Stats
  • This quiz has been taken 115 times
  • The average score is 28 of 35
Answer Stats
Hint Answer % Correct
Lennon, Candy, Denver John
98%
Reynolds, Gosling, Giggs Ryan
97%
Pesci, Biden, Mama Joe
95%
Rock, Hemsworth, Brown Chris
93%
Attenborough, Jason, Bowie David
93%
Best, Clooney, Harrison George
93%
Jackson, Caine, Buble Michael
93%
Affleck, Stiller, Kingsley Ben
92%
De Niro, Plant, Lewandowski Robert
92%
Shatner, Shakespeare, Sadler William
92%
Brady, Hardy, Daley Tom
91%
Spacey, Durant, Hart Kevin
90%
Johnson, Sandler, West Adam
88%
Lee, Spirngsteen, Jenner Bruce
88%
Styles, Redknapp, Kane Harry
88%
Statham, Momoa, Derulo Jason
88%
Neeson, Gallagher, Payne Liam
88%
Bezos, Bridges, Wittek Jeff
87%
Brown, Franco, Corden James
86%
Murray, Skarsgård, Gates Bill
84%
Lampard, Sinatra, Abagnale Frank
83%
Spielberg, Soderbergh, Bartlett Steven
78%
Daltrey, Moore, Federer Roger
77%
Pogba, Dano, Bettany Paul
72%
Jonas, Clegg, Pope Nick
71%
Sheen, Scorsese, Freeman Martin
69%
Einsenburg, Ventura, Lingard Jesse
67%
Verstappen, Von Sydrow, Kruse Max
65%
Fiennes, Macchio, Carter Ralph
65%
Dreyfuss, Vernon, Branson Richard
65%
Sturridge, Craig, Ricciardo Daniel
64%
Davidson, Townsend, Alonso Pete
62%
Reeve, Plummer, Lee Christopher
61%
Isaac, Wilder, Schindler Oscar
55%
Keane, Scheider, Hodgson Roy
52%
No matching quizzes found
Score Distribution
Percent of People with Each Score
Percentile by Number Answered
Your Score History
You have not taken this quiz